Online
Catalog

Viejos tiempos en el Misisipi / (Record no. 3432)

MARC details
000 -CABECERA
campo de control de longitud fija 01155cam a2200289 a 4500
001 - NÚMERO DE CONTROL
campo de control 000003608
005 - FECHA Y HORA DE LA ÚLTIMA TRANSACCIÓN
campo de control 20200929150511.0
008 - DATOS DE LONGITUD FIJA--INFORMACIÓN GENERAL
campo de control de longitud fija 070720s1979 sp 001 0 spa d
040 ## - FUENTE DE LA CATALOGACIÓN
Centro catalogador/agencia de origen DO-SdBNP
Centro/agencia transcriptor DLC
041 17 - CÓDIGO DE LENGUA
Código de lengua del texto/banda sonora o título independiente spa
Código de lengua original eng
Fuente del código Código de idioma MARC
082 ## - NÚMERO DE LA CLASIFICACIÓN DECIMAL DEWEY
Número de clasificación 813.5
Número de documento/Ítem T969v
100 1# - ENTRADA PRINCIPAL--NOMBRE DE PERSONA
Nombre de persona Twain, Mark,
Fechas asociadas al nombre 1835-1910.
9 (RLIN) 5013
240 10 - TÍTULO UNIFORME
Título uniforme Old times on the Mississippi.
Lenguaje de la obra Español
245 10 - MENCIÓN DE TÍTULO
Título Viejos tiempos en el Misisipi /
Mención de responsabilidad, etc. Mark Twain ; notas y traducción, J. A. Zabalbescoa.
260 ## - PUBLICACIÓN, DISTRIBUCIÓN, ETC.
Lugar de publicación, distribución, etc. Barcelona :
Nombre del editor, distribuidor, etc. Bosch,
Fecha de publicación, distribución, etc. 1979.
300 ## - DESCRIPCIÓN FÍSICA
Extensión 347 p. ;
Dimensiones 18 cm.
490 1# - MENCIÓN DE SERIE
Mención de serie Erasmo, textos bilingües
500 ## - NOTA GENERAL
Nota general Publicación no autorizada de "los tiempos del Antiguo Mississippi," Tomado de The Atlantic Monthly, enero-junio de 1875.
505 2# - NOTA DE CONTENIDO CON FORMATO
Nota de contenido con formato Una pesadilla literaria (Reproducido por The Atlantic Monthly, febrero 1876.).
534 ## - NOTA SOBRE LA VERSIÓN ORIGINAL
Encabezamiento principal del original Título original :
Mención de título del original Old times on the Mississippi.
650 #4 - PUNTO DE ACCESO ADICIONAL DE MATERIA--TÉRMINO DE MATERIA
Término de materia o nombre geográfico como elemento de entrada Novela estadounidense
9 (RLIN) 262
650 #4 - PUNTO DE ACCESO ADICIONAL DE MATERIA--TÉRMINO DE MATERIA
Término de materia o nombre geográfico como elemento de entrada Literatura estadounidense
9 (RLIN) 263
700 1# - PUNTO DE ACCESO ADICIONAL--NOMBRE DE PERSONA
Nombre de persona Zabalbescoa, J. A.,
Término indicativo de función/relación tr.
9 (RLIN) 11104
740 0# - PUNTO DE ACCESO ADICIONAL--TÍTULO RELACIONADO O ANALÍTICO NO CONTROLADO
Título relacionado o analítico no controlado Literary nightmare.
830 #0 - PUNTO DE ACCESO ADICIONAL DE SERIE-TÍTULO UNIFORME
Título uniforme Erasmo, textos bilingües
9 (RLIN) 11105
910 ## - DATOS DE OPCIÓN DEL USUARIO (OCLC)
Datos de opción del usuario Catalogación por copia / LC
Holdings
Estado de retiro Estado de pérdida Restricciones de uso No para préstamo Código de colección Localización permanente Ubicación/localización actual Ubicación en estantería Fecha de adquisición Número de inventario Total de préstamos Signatura topográfica completa Código de barras Fecha visto por última vez Precio válido a partir de Tipo de ítem Koha
    Préstamo interno   Monografías: Libros y Folletos General General En catalogación 11.07.2009 LF1   813.5 T969v 3608-10 25.06.2020 25.06.2020 Préstamo interno

Powered by Koha